Колыбельная для брата: повесть для среднего и старшего школьного возраста

Bibliografiset tiedot
Päätekijä: Крапивин В. П. Владислав Петрович
Muut tekijät: Медведев Е. А. (иллюстратор)
Kieli:venäjä
Julkaistu: Петрозаводск, Карелия, 1991
Aiheet:
Aineistotyyppi: Kirja
KOHA link:https://koha.lib.tpu.ru/cgi-bin/koha/opac-detail.pl?biblionumber=154610

MARC

LEADER 00000nam0a2200000 4500
001 154610
005 20231101221759.0
010 |a 5754503555 
020 |a RU  |b 91-30953 
035 |a (RuTPU)RU\TPU\book\167703 
090 |a 154610 
100 |a 20090302d1991 de y0rusy5003 ca 
101 0 |a rus 
102 |a RU 
105 |a a z 000ay 
200 1 |a Колыбельная для брата  |e повесть для среднего и старшего школьного возраста  |f В. П. Крапивин  |g худож. Е. А. Медведев 
210 |a Петрозаводск  |c Карелия  |d 1991 
215 |a 173 с.  |c цв. ил.  |d 20 см 
610 1 |a школьники 
610 1 |a дружба 
610 1 |a детская литература 
675 |a Р2  |z rus 
700 1 |a Крапивин  |b В. П.  |c российский писатель, автор книг о детях и для детей  |f 1938 -  |g Владислав Петрович  |2 stltpush  |3 (RuTPU)RU\TPU\pers\26279  |9 12052 
702 1 |a Медведев  |b Е. А.  |4 440 
801 0 |a RU  |b RuMRKP  |c 19950417  |g psbo 
801 1 |a RU  |b 63413507  |c 20090302  |g PSBO 
801 2 |a RU  |b 63413507  |c 20140319  |g PSBO 
942 |c BK